000 00286nam a22001337a 4500
008 170801b xxu||||| |||| 00| 0 eng d
020 _a9783540564645
041 _aeng
080 _a004
100 _a32
101 _aSHK
245 _aEXEPERTENSYSTEME 93
_cPUPPE,F
942 _2udc
_cBK
999 _c22325
_d22325